Socialist Flags - Statistics

General Stats
  • This quiz has been taken 118 times
  • The average score is 25 of 41
Answer Stats
Picture Answer % Correct
North Korea
100%
Angola
94%
Laos
86%
China
85%
Cuba
85%
Hungary
85%
Albania
83%
Belarus
83%
East Germany
81%
Vietnam
80%
Soviet Union
79%
Czechoslovakia
76%
Kampuchea
76%
Romania
73%
Yugoslavia
73%
Bulgaria
71%
Poland
71%
Afghanistan
69%
Ethiopia
62%
South Yemen
62%
Mongolia
60%
Latvia
59%
Burma
57%
Estonia
56%
Paris Commune
56%
Russia
55%
Georgia
49%
Moldova
47%
Tajikistan
47%
Ukraine
47%
Kazakhstan
43%
Lithuania
43%
Benin
42%
Congo
40%
Turkmenistan
40%
Armenia
38%
Kyrgyzstan
38%
Azerbaijan
37%
Uzbekistan
34%
Iraq
29%
Seychelles
22%
No matching quizzes found
Score Distribution
Percent of People with Each Score
Percentile by Number Answered
Your Score History
You have not taken this quiz